1822 1699 1431 1774 1405 1326 1176 1328 1424 1655 1274 1391 1727 1687 1977 1991 1305 1091 1725 1050 1747 1505 1669 1800 1873 1042 1858 1618 1619 1657 1253 1394 1335 1294 1350 1189 1722 1018 1528 1483 1274 1546 1960 1716 1469 1174 1018 1280 1054 1414 1920 1501 1298 1032 1338 1225 1041 1744 1937 1580 1831 1127 1323 1203 1982 1782 1221 1544 1803 1345 1091 1754 1343 1134 1957 1685 1468 1637 1219 1169 1459 1102 1234 1199 1223 1178 1115 1448 1430 1738 1295 1173 1233 1556 1652 1654 1676 1790 1403 BCNSPRNW ULIB Ver.6.0+V

เปลี่ยนเป็นภาษาไทย

Change to English
 แสดงรายละเอียดบรรณานุกรม
  กลับหน้าหลัก

Brief Record : Get Marc (ISO 2709) : E-mail record : QR code < ปิดหน้าต่าง
LEADER : 00000nam 2200000uu 4500
001    13399112922
003     ULIB
008    110919s2552||||th 000 0 tha d
020    9786165000116
090    นว.^bก831ก 2552
100 0  เก้าแต้ม
245 00 กังหันรักลมปรารถนา/^cเก้าแต้ม
250    พิมพ์ครั้งที่ 1
260    กรุงเทพฯ :^bพิมพ์คำ,^c2552
300    291 หน้า
945    ^p200^l0^i16433
995    กัณชพร
999     ^aใช้งานได้ทุกระบบ
รายการนี้ยังไม่มีแท็ก
คุณยังไม่ได้ล็อกอิน คุณสามารถมีกิจกรรมร่วมกับเว็บไซต์ได้ แต่ต้องล็อกอินก่อน ::
  ล็อกอิน

รายการสื่อสารสนเทศ

ลำดับที่ ประเภท เลขเรียก/บาร์โค้ด สถานที่ สถานะ
1. วิทยาศาสตร์การแพทย์ และสุขภาพ
วิทยาศาสตร์การแพทย์ และสุขภาพ
นว. ก831ก 2552  
  Barcode: 16433
ห้องสมุดวิทยาเขตสวรรค์ประชารักษ์
►นวนิยาย
บนชั้น
  ขอยืม

รายการใกล้เคียง
    ผู้แต่ง [เก้าแต้ม]

BibComment


ยังไม่เคยถูกคอมเมนท์

คอมเมนท์ทรัพยากรรายการนี้
  คอมเมนท์: กังหันรักลมปรารถน..


 Copyright 2026. Bcnsprnw @Library